Normal view
MARC view
Entry Personal Name
001 - CONTROL NUMBER
- control field: 36529
003 - CONTROL NUMBER IDENTIFIER
- control field: ARRUPE
005 - DATE AND TIME OF LATEST TRANSACTION
- control field: 20170928105138.0
008 - FIXED-LENGTH DATA ELEMENTS
- fixed length control field: 170928|| aca||aabn | a|a d
040 ## - CATALOGING SOURCE
- Original cataloging agency: ARRUPE
- Transcribing agency: ARRUPE
100 ## - HEADING--PERSONAL NAME
- Personal name: De Vore, Paul L.,
- Relator term: joint comp.
670 ## - SOURCE DATA FOUND
- Source citation: Work cat.: (ARRUPE)9159: Romney, A. Kimball (Antone Kimball), comp. 36528, You and others; readings in introductory anthropology., [1973]